| 000 | 00794nam a2200229 i 4500 | ||
|---|---|---|---|
| 005 | 20260610164609.0 | ||
| 008 | 260610b my ||||| |||| 00| 0 may d | ||
| 020 |
_a9789834951832 _cRM85.00 _qpaperback |
||
| 040 |
_aPPAK _beng _cPPAK _erda |
||
| 082 | 0 | 4 |
_223 _a378.12092 |
| 090 | 0 | 0 |
_a378.12092 _bDIN _dG |
| 100 | 1 |
_aDing, Choo Ming, _eauthor. |
|
| 245 | 1 | 0 |
_aDETIK-DETIK PENGEMBARAAN DALAM PENGAJIAN MELAYU / _cDing Choo Ming |
| 264 | 1 |
_aKuala Lumpur : _bDewan Bahasa dan Pustaka, _c2025 |
|
| 300 |
_axxxii, 377 pages : _bcolour illustrations, colour photographs _c23cm |
||
| 336 |
_atext _2rdacontent |
||
| 337 |
_aunmediated _2rdamedia |
||
| 338 |
_avolume _2rdacarrier |
||
| 500 | _aIncludes index | ||
| 504 | _aBibliography : 361-369 | ||
| 942 |
_2ddc _cB |
||
| 999 |
_c204602 _d204602 |
||